Land registration (Record no. 65361)
[ view plain ]
| 000 -LEADER | |
|---|---|
| fixed length control field | 01183cam a2200229 4500 |
| 008 - FIXED-LENGTH DATA ELEMENTS--GENERAL INFORMATION | |
| fixed length control field | 000000n2000 000 0 eng u |
| 035 ## - SYSTEM CONTROL NUMBER | |
| System control number | (Sirsi) u109481 |
| 245 ## - TITLE STATEMENT | |
| Title | Land registration |
| 260 ## - PUBLICATION, DISTRIBUTION, ETC. | |
| Date of publication, distribution, etc. | 2000 |
| 490 ## - SERIES STATEMENT | |
| Series statement | Estates Gazette Case Summaries |
| Volume/sequential designation | [2000] EGCS 125 (18/11/00)(1) |
| 520 ## - SUMMARY, ETC. | |
| Summary, etc. | "Habermann v Koehler and another" CA 8 November 2000. The appellants, who occupied a property under oral agreement with an option to purchase, sought to overturn the judgment that the respondent was entitled to possession after the owner had transferred the freehold of the property in satisfaction of a debt secured on it. K contended that, under the Land Registration Act 1925 s70(1)(g), the option to purchase granted to them was binding on H as a successor in title. Appeal dismissed. |
| 650 ## - SUBJECT ADDED ENTRY--TOPICAL TERM | |
| Topical term or geographic name entry element | LAND REGISTRATION |
| 650 ## - SUBJECT ADDED ENTRY--TOPICAL TERM | |
| Topical term or geographic name entry element | OVERRIDING INTEREST |
| 650 ## - SUBJECT ADDED ENTRY--TOPICAL TERM | |
| Topical term or geographic name entry element | CLAIM OF POSSESSION |
| 650 ## - SUBJECT ADDED ENTRY--TOPICAL TERM | |
| Topical term or geographic name entry element | OPTION TO PURCHASE |
| 650 ## - SUBJECT ADDED ENTRY--TOPICAL TERM | |
| Topical term or geographic name entry element | LAND REGISTRATION ACT 1925 S70(1)(G) |
| 650 ## - SUBJECT ADDED ENTRY--TOPICAL TERM | |
| Topical term or geographic name entry element | LAND REGISTRATION ACT 1925 S34(3) |
| 650 ## - SUBJECT ADDED ENTRY--TOPICAL TERM | |
| Topical term or geographic name entry element | ABBEY NATIONAL BUILDING SOCIETY V CANN |
| 650 ## - SUBJECT ADDED ENTRY--TOPICAL TERM | |
| Topical term or geographic name entry element | LLOYDS BANK PLC V ROSSET |
| 690 ## - LOCAL SUBJECT ADDED ENTRY--TOPICAL TERM (OCLC, RLIN) | |
| Topical term or geographic name as entry element | PROPERTY AND LAND LAW-CASE LAW |
| 942 ## - ADDED ENTRY ELEMENTS (KOHA) | |
| Suppress in OPAC | 0 |
| Withdrawn status | Lost status | Source of classification or shelving scheme | Damaged status | Not for loan | Home library | Current library | Shelving location | Date acquired | Total Checkouts | Full call number | Barcode | Date last seen | Copy number | Price effective from | Koha item type |
|---|---|---|---|---|---|---|---|---|---|---|---|---|---|---|---|
| Dewey Decimal Classification | London | London | News article | 23/11/2000 | X109481 | 109481-1001 | 06/08/2019 | 1 | 06/08/2019 | Law report |